| 000 | 00469nam a2200181Ia 4500 | ||
|---|---|---|---|
| 001 | 3541 | ||
| 005 | 20260306145651.0 | ||
| 008 | 260306t2017||||xx |||||||||||||| ||spa|| | ||
| 041 | _aESP | ||
| 082 |
_a288.7 _bP644 |
||
| 100 |
_aPhilpott, Daniel _eAUT |
||
| 245 | 2 |
_aA liberalism safe for catholicism?: _bperspectives from the review of politics |
|
| 260 | _c2017 | ||
| 300 |
_a585 páginas : _c23 cm. |
||
| 650 | _aGEN | ||
| 654 | _aCHU | ||
| 942 |
_cLIB _dJUS _fJUS _2ddc _n |
||
| 999 |
_c3541 _d3541 |
||